| 000 | 01084nam a22003257a 4500 | ||
|---|---|---|---|
| 001 | BR7401416 | ||
| 003 | BR-BrBNA | ||
| 005 | 20230928084557.0 | ||
| 007 | ta | ||
| 008 | 230509b bl.||||| |||| 00| 0 por d | ||
| 040 |
_aBR-BrBNA _bpor _cBiblioteca Nacional de Agricultura |
||
| 041 | _a(Por) | ||
| 072 |
_aF00; F25; H00 _b0180 _b0336 _b/G514 |
||
| 090 | _ 0180 BR7401416 | ||
| 100 | 1 | _aWinkler, H. | |
| 100 | 1 | _aMoraes, O. de | |
| 110 | 1 |
_aInstituto de Pesquisa Agropecuaria do Sul, Cacador, SC (Brasil). Estacao Experimental de Rio Cacador _96095 |
|
| 245 | 1 | _aEnsaios de adubacao e calagem. Trigo em rotacao com soja no Estado de Santa Catarina. Parte 2. Resultados da safra da soja em 1971. Consideracoes gerais sobre a aplicacao de calcario para as culturas do trigo e da soja | |
| 260 | 3 |
_aCacador, SC (Brasil): _c1972. |
|
| 300 | _a84 p. | ||
| 500 | _aNumerical data | ||
| 650 | _aTRIGO | ||
| 650 | _aSOJA | ||
| 650 | _aSAFRA | ||
| 650 | _aADUBACAO | ||
| 650 | _aCALAGEM | ||
| 650 | _aSANTA CATARINA | ||
| 909 |
_a202309 _bLucia _c55 _dLucia Elande |
||
| 942 | _cBK | ||
| 999 |
_c19866 _d19866 |
||